| 000 | 00692ncm a2200229 a 4500 | ||
|---|---|---|---|
| 001 | C00017315c | ||
| 005 | 20241029143602.0 | ||
| 008 | 960318s1891 gw sua n 1 ger d | ||
| 080 | _a786.2.083.1 | ||
| 100 | 1 |
_aMacdowell, Edward ( _d1860-1908) _910154 |
|
| 245 | 1 | 0 |
_aErste moderne suite, op. 10 / _cEdward Mac Dowell. |
| 254 | _a[Partitur]. | ||
| 260 |
_aLeipzig : _bBreitkopf & Härtel, _ccop. 1891. |
||
| 300 |
_aPartitura (33 p.) ; _c37 cm. |
||
| 500 | _aN. pl. : 16205. | ||
| 500 | _aLegado Leopoldo Querol. | ||
| 500 | _aDedicatoria de E. López Chávarri a Leopoldo Querol. | ||
| 650 | 0 | 4 |
_aSuites (Piano) _911755 |
| 852 | _jLQ-919 | ||
| 999 |
_c16974 _d16974 |
||